Oasis Songs By Opening Lyrics Quiz #1 - Statistics

General Stats
  • This quiz has been taken 5,522 times
  • The average score is 5 of 15
Answer Stats
Opening Lyric Song % Correct
"Today is gonna be the day" Wonderwall
99%
"I don't know what it is that makes me feel alive" Acquiesce
52%
"I live my life in the city, there's no easy way out" Rock 'n' Roll Star
50%
"Here's a thought for every man who..." Cast No Shadow
42%
"I sold my soul for the second time" The Importance of Being Idle
42%
"Step off the train all alone at dawn" D'You Know What I Mean?
38%
"What a life it would be..." Digsy's Dinner
37%
"A cold and frosty morning there's not a lot to say" Don't Go Away
37%
"Here's a song, it reminds me of when we were young" I'm Outta Time
23%
"What tongueless ghost of sin crept through my curtains?" Gas Panic
21%
"I know a girl who's lost and lonely" Headshrinker
20%
"You know that feeling you get" Where Did It All Go Wrong?
19%
"Yeah I feel like a _____ __ ______" Force of Nature
11%
"Eyes over the city" The Turning
8%
"Suddenly I found that I'd lost my way in this city" Part of the Queue
7%
No matching quizzes found
Score Distribution
Percent of People with Each Score
Percentile by Number Answered
Your Score History
You have not taken this quiz